| Tag |
First Indicator |
Second Indicator |
Subfields |
| LEADER |
00000cam a2200000 4500 |
| 001 |
in00000673421 |
| 005 |
20151015094707.0 |
| 008 |
701214s1968 hiuab b 10000 eng |
| 010 |
|
|
|a 68065929
|
| 035 |
|
|
|a (OCoLC)00116363
|
| 035 |
|
|
|9 ACY9373AM
|
| 040 |
|
|
|a DLC
|c DLC
|d TXA
|d UtOrBLW
|
| 041 |
0 |
|
|a eng
|a fre
|
| 049 |
|
|
|a TXAM
|c [1478514]
|
| 050 |
0 |
0 |
|a GN851
|b .A84 no. 2
|
| 082 |
0 |
|
|a 919/.03
|
| 245 |
0 |
0 |
|a Anthropology at the Eighth Pacific Science Congress of the Pacific Science Association and the Fourth Far Eastern Prehistory Congress, Quezon City, Philippines, 1953 /
|c Edited by Wilhelm G. Solheim II.
|
| 264 |
|
1 |
|a Honolulu :
|b Social Science Research Institute, University of Hawaii,
|c 1968.
|
| 300 |
|
|
|a ix, 285 pages :
|b illustrations, maps. ;
|c 28 cm.
|
| 336 |
|
|
|a text
|b txt
|2 rdacontent
|
| 337 |
|
|
|a unmediated
|b n
|2 rdamedia
|
| 338 |
|
|
|a volume
|b nc
|2 rdacarrier
|
| 490 |
1 |
|
|a Asian and Pacific archaeology series ;
|v no. 2
|
| 504 |
|
|
|a Includes bibliographies.
|
| 505 |
0 |
|
|a Neolithic implements as magical objects among the Negritos of Pampanga, Luzon, by J. M. Campbell.--Twelve ground-stone implements from Mindanao, Philippine Islands, by F. X. Lynch, and J. F. Ewing.--The Batungan cave sites, Masbate, Philippines, by W. G. Solheim II.--La geologie du quaternaire et les industries prehistoriques en Indochine, by E. Saurin.--Station prehistorique a ciel ouvert dans le massif du Pah Xieng Tong (Laos) by E. Saurin.--A Neolithic link between North Pahang, Malaya, and the Sino-Mongolian border, by W. Linehan.--The North Pacific origin of some elements of Polynesian material culture, by H. D. Skinner.--Classification of some stone tools from Java and New Guinea, by G. H. R. von Koenigswald.
|
| 650 |
|
0 |
|a Anthropology
|v Congresses.
|
| 700 |
1 |
|
|a Solheim, Wilhelm G.
|
| 711 |
2 |
|
|a Pacific Science Congress
|n (8th :
|d 1953 :
|c Manila)
|
| 711 |
2 |
|
|a Far-Eastern Prehistory Congress
|n (4th :
|d 1953 :
|c Quezon, Philippines)
|
| 830 |
|
0 |
|a Asian and Pacific archaeology series ;
|v no. 2.
|
| 999 |
|
|
|a MARS
|
| 999 |
f |
f |
|s 89185e39-9140-31c2-a80c-1a77e802334c
|i 6a0f740c-2b08-312b-aae9-0051419057ad
|t 0
|
| 952 |
f |
f |
|p ric
|a Texas A&M University
|b Rellis Campus
|c Joint Library Facility
|d Remote Storage
|t 0
|e GN851 .A84 no. 2
|h Library of Congress classification
|i unmediated -- volume
|m A14802438248
|
| 998 |
f |
f |
|a GN851 .A84 no. 2
|t 0
|l Remote Storage
|